000 00209nam a22000857a 4500
001 1235257
005 20250930115558.0
245 _aHAKLAR VE ÖDEVLER
_cBRIGITTE LABBE
260 _bGÜNIŞIĞI KİTAPLIĞI YAYINLARI
999 _c1235257
_d1235257